000 00776nam a22002177a 4500
999 _c53397
_d53397
005 20181204165524.0
010 _aENG-102734 B-445397-416
020 _c395.00
_a9788174467805
035 _aEN-86267 B-445397-416, B-445416
037 _bDBAD / PUB
037 _bAllied Pub/Ven
082 _a363.736
100 _aTyagi, Sanjiv
245 _aFrom gray to green :
_cby Sanjiv Tyagi
_bnew thoughts on environment /
260 _aNew Delhi
_bExcel Books
_c2010
270 _aA-45, Naraina, Phase-1
_bNew Delhi
_e110028
300 2 _ax,212p.
_c22cm (pbk)
500 _aIncludes bibliographical references
942 _2ddc
_cEN
_mTYA
_h363.736